Responses for Show #2300 - Friday, September 9, 1994

Contestants

[<< previous game]

Tim Sinclair, a tax accountant from Ellicott City, Maryland

Nick Cort, an attorney from Concord, New Hampshire

Matt Handel, a marketing analyst from Wayne, Pennsylvania (whose 1-day cash winnings total $23,400)

[next game >>]

Jeopardy! Round responses

THE 50 STATES
SPORTS
RELIGION
20th CENTURY WOMEN
FRENCH CUISINE
"AMERICAN" ORGANIZATIONS
    $100 1
Hawaii

Matt
    $100 6
a let

Matt
    $100 8
Islam

Matt
    $100 15
Eleanor Roosevelt

Nick
    $100 26
Brussels sprouts

Tim
    $100 18
the American Red Cross

Nick
    $200 2
Louisiana

Tim
    $200 7
Wayne Gretzky

Tim
    $200 12
baptism

Nick
    $200 17
Golda Meir

Nick
    $200 27
the shallot

Matt
    $200 19
the American Kennel Club

Tim
    $500 3
(Tim: What is Texas?)

Virginia

Tim
    $300 9
Walter Payton

Matt
    $300 13
Passover

Tim
    $300 20
Queen Elizabeth II

Tim
    $300 28
pheasant

Tim
    $300 23
the American Legion

Matt
    $400 4
(Tim: What is Hawaii?)

Alaska

NickTim
    $400 10
Corbett

Matt
    $400 14
the pastor

Triple Stumper
    $400 21
Margaret Mead

Matt
    $400 29
quiche

Matt
    $400 24
the American Civil Liberties Union

Matt
    $500 5
Oregon

Nick
    $500 11
Jean-Claude Killy

Matt
    $500 16
the Jesuits

Matt
    $500 22
Jacqueline Cochran

Triple Stumper
    $500 30
crayfish

Matt
    $500 25
the American Indian Movement

Triple Stumper

Scores at the first commercial break (after clue 15):

Matt Nick Tim
$1,500 $1,200 -$200

Scores at the end of the Jeopardy! Round:

Matt Nick Tim
$4,200 $1,500 $700

Double Jeopardy! Round responses

WORLD HISTORY
TRANSPORTATION
LANGUAGES
MUSIC
PARKS
BOOKS & AUTHORS
    $200 3
Italy

Matt
    $200 9
a canoe

Matt
    $200 16
Finnish

Matt
    $200 21
the Beast

Matt
    $200 26
Greenland

Tim
    $200 1
the Rockefellers

Tim
    $400 4
Russia

Tim
    $400 10
the cable car

Nick
    $400 17
Icelandic

Nick
    $400 22
the banjo

Tim
    $400 27
Spokane

Matt
    $400 2
Easter Island

Matt
    $600 6
Pahlavi

Matt
    $600 12
the Volkswagen (Beetle)

Matt
    $600 18
(Matt: What is Hindi?)

Arabic

Matt
Triple Stumper
    $4,000 23
Schubert

Tim
    $600 28
Superior

Nick
    $600 5
Dick Francis

Matt
    $800 7
Captain (William) Kidd

Matt
    $800 13
New Zealand

Tim
    $2,000 19
the Cyrillic alphabet

Nick
    $800 24
Handel

Tim
    $800 29
Hot Springs

Nick
    $800 11
(Arthur) Hailey

Matt
    $1000 8
(Benito) Juarez

Matt
    $1000 14
the (Graf) Zeppelin

Tim
    $1000 20
Ulaanbaatar

Tim
    $1000 25
(Tim: What is the violin?)

the piano

MattTim
    $1000 30
British Columbia

Matt
    $1000 15
Jerzy Kosinski

Matt

Scores at the end of the Double Jeopardy! Round:

Matt Nick Tim
$12,600 $5,700 $8,500

[wagering suggestions for these scores]

Final Jeopardy! Round responses

LANDMARKS
(Alex: [To Nick] It looks like Hadrian's W, but I can make out--)
(Nick: I started to write wall and couldn't finish.)
(Alex: Couldn't finish? You ran out of time, but I think there's enough there for us to give you a correct on that.)
NickWhat is Hadrian's W
$5,000
TimWhat is Hadrian's Wall?
$2,901
MattWhat is Hadrian's Wall?
$4,401
Hadrian's Wall

Final scores:

Matt Nick Tim
$17,001 $10,700 $11,401
2-day champion: $40,401 3rd place: Service Merchandise gift certificate 2nd place: Singer dining room set + Wallpapers To Go gift certificate

Game dynamics:

Coryat scores:

Matt Nick Tim
$12,600 $4,500 $5,600
28 R,
1 W
11 R
(including 1 DD),
0 W
16 R
(including 1 DD),
3 W
(including 1 DD)

Combined Coryat: $22,700

[game clues] [game scores] [suggest correction]

Game tape date: 1994-07-19
The J! Archive is created by fans, for fans. Scraping, republication, monetization, and malicious use prohibited; this site may use cookies and collect identifying information. See terms. The Jeopardy! game show and all elements thereof, including but not limited to copyright and trademark thereto, are the property of Jeopardy Productions, Inc. and are protected under law. This website is not affiliated with, sponsored by, or operated by Jeopardy Productions, Inc. Join the discussion at JBoard.tv.